[Event "SuperUnited Rapid 2022"]
[Site "Zagreb CRO"]
[Date "2022.07.22"]
[Round "9.5"]
[White "Nepomniachtchi, Ian"]
[Black "Topalov, Veselin"]
[Result "1-0"]
[WhiteTitle "GM"]
[BlackTitle "GM"]
[WhiteElo "2766"]
[BlackElo "2728"]
[WhiteFideId "4168119"]
[BlackFideId "2900084"]
[EventDate "2022.07.20"]

1. e4 c5 2. Nf3 d6 3. d4 cxd4 4. Nxd4 Nf6 5. Nc3 a6 6. Be2 e5 7. Nb3 Be7 8. Be3
Be6 9. O-O O-O 10. Re1 Nbd7 11. a4 Qb8 12. a5 Re8 13. f3 b5 14. axb6 Nxb6 15.
Rxa6 Rxa6 16. Bxa6 d5 17. exd5 Nbxd5 18. Nxd5 Nxd5 19. Bf2 Nb4 20. Bf1 Nxc2 21.
Qxc2 Bxb3 22. Qe4 Bb4 23. Ra1 g6 24. Ra6 1-0